000 00971nam a2200277 i 4500
001 181916
003 ES-MaACL
005 20250718062555.0
008 130506s2012 sp | |||||||| | spa d
020 _a978-84-92877-41-6
080 _a17
080 _a113/119
100 1 _aTomasini Bassols, Alejandro.
_9110538
245 1 0 _aFilosofía moral y visiones del hombre /
_cAlejandro Tomasini Bassols.
250 _a1ª ed.
260 _aTorrejón de la Calzada, Madrid :
_bDevenir,
_c2012.
300 _a421 p. ;
_c20 cm.
490 1 _aDevenir el otro ;
_vn. 42
586 _aXII Premio de Ensayo "Miguel de Unamuno" 2010 del Ayuntamiento de Bilbao
650 7 _aÉtica
_2embne
_912577
830 0 _aDevenir el otro ;
_vn. 42
_9179466
852 _aES-MaACL
_jA-12616
_9188824
_bR.148874
_cDEPO1
_dOlim: N-5619
_xDonación: José Luis Abellán
903 _aAbellán, José Luis,
_d1933-2023
_ednr
_q1
_9176509
942 _2udc
_cMONOGRAFIA
999 _c181916
_d181916